000 00377nam a2200145Ia 4500
008 191201s2012 xx 000 0 und d
082 _a621.43
_bFEI
100 _aFERGUSON, Colin R
245 0 _aInternal Combustion Engines Applied Thermosciences
250 _aRep
260 _aN.Delhi
_bJohn Wiley and Sons
_c2012
300 _a369
650 _aB.Tech(ME)
942 _2ddc
_cBK
999 _c5714
_d5714